Can you name every country with 2+ capital cities? - Statistics

General Stats
  • This quiz has been taken 22 times
  • The average score is 8 of 15
Answer Stats
Continent Country City 1 City 2 (city 3) % Correct
Africa South Africa Pretoria Cape Town Bloemfontein
100%
South America Bolivia Sucre La Paz
90%
South America Chile Santiago Valparaíso
71%
Europe Netherlands Amsterdam The Hague
57%
Asia Sri Lanka Sri Jayawardenepura Kotte Colombo
57%
Africa Benin Porto Novo Cotonou
52%
Asia Malaysia Kuala Lumpur Putrajaya
52%
Africa Burundi Bujumbura Gitega
48%
Africa Tanzania Dodoma Dar Es Salaam
48%
Africa Côte d'Ivoire Yamoussoukro Abidjan
43%
Africa eSwatini Mbabane Lobamba
43%
North America Honduras Tegucigalpa Comayagüela
43%
Asia Yemen Sana'a Aden
43%
North America Dominican Republic Santo Domingo Santo Domingo Oest
38%
Europe Montenegro Podgorica Cetinje
33%
No matching quizzes found
Score Distribution
Percent of People with Each Score
Percentile by Number Answered
Your Score History
You have not taken this quiz